| 000 | 00508nam a2200193Ia 4500 | ||
|---|---|---|---|
| 008 | 231217s9999 xx 000 0 und d | ||
| 020 | _a0-07-058204-1 | ||
| 041 | _aEnglish | ||
| 082 | _a658.87 LEV;1 R | ||
| 100 | _aLevy, Michael Weitz, Barton A | ||
| 245 | 0 | _aRetailing management | |
| 260 |
_c2003 _bTMH _aNew Delhi |
||
| 300 | _axxxv+775 | ||
| 300 | _cCD2709 | ||
| 400 | _aMcGraw-Hill series in marketing | ||
| 500 | _aContent page available | ||
| 650 | _aRetailing,management | ||
| 942 | _cAA | ||
| 999 |
_c177735 _d177735 |
||